000 00264nam a2200109Ia 4500
008 240625s9999 xx 000 0 und d
041 _aeng
082 _a658.88 DAS
100 _aDAS SATYAJIT
245 _aCREDIT DERIVATIVES AND CREDIT LINKED NOTES
260 _c2000
999 _c33906
_d33906